| 000 | 00943cam a2200205 4500 | ||
|---|---|---|---|
| 001 | X113028 | ||
| 008 | 000000n2001 000 0 eng u | ||
| 035 | _a(Sirsi) u113028 | ||
| 245 | _aTransport development areas gain momentum | ||
| 260 | _c2001 | ||
| 490 |
_aCSM (Chartered Surveyor Monthly) _v(5)2001, 30(1) |
||
| 520 | _aCritical analysis of the government's 10-year plan to counter the problems of transport congestion in the UK. Initiatives include provision of bypasses, encouraging the use of alternatives to the car and a programme of increased funding. Illicits the benefits of the high density Transport Development Area Model proposed by RICS which has won support and of which the second stage is nearly complete. | ||
| 650 | _aTRANSPORT DEVELOPMENT AREAS | ||
| 650 | _aRICS CONFERENCES | ||
| 650 | _aCPRE | ||
| 650 | _aLOCAL AUTHORITIES | ||
| 650 | _aGUIDANCE | ||
| 690 | _aTRANSPORT AND COMMUNICATIONS | ||
| 942 | _n0 | ||
| 999 |
_c67275 _d67275 |
||